000 00705nam a2200205 i 4500
001 25182
003 ES-MaACL
005 20251017063043.0
007 t|
008 021220s1957 sp ||||1| spa d
080 _a929 Arce, José
100 1 _aArce, José,
_d1881-1968
_922453
245 1 0 _aMi vida :
_bauto-recopilación de hechos y comentarios para una posible biografía /
_cJosé Arce ; prólogo de Gregorio Marañón.
260 _aMadrid :
_b[Joaquín de Oteiza-Clemares],
_c1957.
300 _a514 p., 17 lám. ;
_c21 cm.
600 1 4 _aArce, José,
_d1881-1968
_922453
700 1 _aMarañón, Gregorio,
_d1887-1960
_976311
852 4 _aES-MaACL
_jC-12496
999 _c25182
_d25182